Statistiques concernant Intercommunalités du Lot-et-Garonne

Cliquez ici pour prendre le quiz!

Statistiques générales

  • Ce quiz a été pris 14 fois
  • Le résultat moyen est 6 sur 11

Statistiques - réponses

Nombres de CommunesIntercommunalités% Correct
44Agglomération d'Agen
100%
19Communauté d'Agglomération du Grand Villeuneuvois
93%
33Communauté de Communes Albret Communauté
93%
43Val de Garonne Agglomération
93%
27Communauté de Communes Fumel Vallée du Lot
71%
29Communauté de Communes du Confluent et des Coteaux de Prayssas
36%
17Communauté de Communes du Pays de Duras
36%
27Communauté de Communes des Coteaux et Landes de Gascogne
21%
43Communauté de Communes des Bastides en Haut-Agenais Périgord
14%
20Communauté de Communes du Pays de Lauzun
7%
15Communauté de Communes Lot et Tolzac
0%

Distribution des résultats

Percentile par nombre de réponses

% des personnes avec chaque résultat

Votre développement - résultats

Vous n’avez pas pris ce quiz